Nhà cải cách đầu tiên
Đã lưu trong:
| 格式: | 图书 |
|---|---|
| 语言: | Undetermined |
| 主题: | |
| 标签: |
添加标签
没有标签, 成为第一个标记此记录!
|
| Thư viện lưu trữ: | Trung tâm Học liệu Trường Đại học Cần Thơ |
|---|
| LEADER | 00364nam a2200133Ia 4500 | ||
|---|---|---|---|
| 001 | CTU_102279 | ||
| 008 | 210402s9999 xx 000 0 und d | ||
| 082 | |a 959.7092 | ||
| 082 | |b Nh100 | ||
| 245 | 0 | |a Nhà cải cách đầu tiên | |
| 650 | |a Vietnam | ||
| 650 | |x History,Biography | ||
| 904 | |i M.Loan | ||
| 980 | |a Trung tâm Học liệu Trường Đại học Cần Thơ | ||